Crossword - Love - Statistics

General Stats
  • This quiz has been taken 1,614 times
  • The average score is 30 of 37
Answer Stats
A/D Clue Answer % Correct
2. Across 14th February (10,3) Valentine's Day
99%
28. Across The love of my ____ (4) Life
97%
7. Down To "go out" with someone (4) Date
96%
11. Down Opposite of boyfriend (10) Girlfriend
96%
32. Down Spouse's dad: Father-in-___ (3) Law
96%
30. Down Red flower of love (4) Rose
96%
35. Across Female spouse (4) Wife
96%
8. Down Me and ___; I love ___ (3) You
96%
34. Across Another word for a present (4) Gift
95%
23. Down Opposite of love (4) Hate
95%
3. Down "Love Will Tear Us _____", Joy Division (5) Apart
93%
9. Across My ___ true love (3) One
93%
20. Across Metal band for a finger (4) Ring
91%
5. Down Wedding words of affirmation (1,2) I Do
90%
1. Down Life is like a box of _____; a present (10) Chocolates
89%
6. Down Former partners (4) Exes
89%
28. Down One of the 7 deadly sins; desire (4) Lust
87%
31. Across Couple, two; _____ Trouble (6) Double
86%
16. Across Usually on one knee for this (8) Proposal
86%
10. Across Prince from Shrek, Cinderella; delightful (8) Charming
85%
27. Down Important quality; have faith in your partner (5) Trust
83%
29. Down Experience emotions or affection (4) Feel
79%
33. Across Whisper _____ nothings (5) Sweet
77%
18. Across Love dearly (5) Adore
75%
4. Down "Can't Help Falling in Love" singer (5) Elvis
72%
21. Across A kiss, especially one on the cheek (6) Smooch
72%
14. Down Fell in love with a Capulet (5) Romeo
71%
12. Across Search for something, like a partner (4) Seek
68%
17. Down To experience emotion; e.g. touch, see. (5) Sense
68%
24. Across Roman goddess of love (5) Venus
67%
19. Down Greek god of love (4) Eros
66%
22. Down Lyric poem expressing writer's feelings (3) Ode
65%
13. Down An "electric" sensation between two people (5) Spark
65%
26. Across Most loved; affectionate form of address (7) Dearest
62%
25. Down Love ____ - a short, affectionate message (4) Note
62%
Mystery Word Marriage
54%
15. Down Powerfully persuade someone into love (6) Seduce
31%
No matching quizzes found
Score Distribution
Percent of People with Each Score
Percentile by Number Answered
Your Score History
You have not taken this quiz